Prach /
Juliette, nová starostka Sila 18, nedôveruje Silu 1, najmä jeho vodcovi Donaldovi. Vo svete podzemných Síl však neexistuje čierna a biela – všetko je v odtieňoch sivej. Donald možno nie je monštrum, za aké ho Juliette považuje, a v skutočnosti môže byť kľúčom k ďalšiemu prežitiu ľudstva. Dokážu však...
Uloženo v:
| Série: | Silo (SK),
část 3 |
|---|---|
| Hlavní autor: | |
| Médium: | E-kniha |
| Jazyk: | Czech |
| Vydáno: |
Praha :
Albatros Media Slovakia s.r.o.,
2025
|
| Příbuzné jednotky: | Z cyklu::
Silo (SK) |
| Tagy: |
Žádné tagy |
| LEADER | 01385nam a22002417i 4500 | ||
|---|---|---|---|
| 001 | 302680 | ||
| 007 | ta | ||
| 008 | 260514s2025 xr ||||| |||| 00| 0 cze d | ||
| 020 | |a 9788056646960 | ||
| 044 | |a xr | ||
| 100 | 1 | |a Howey, Hugh |4 aut | |
| 245 | 1 | 0 | |a Prach / |c Howey, Hugh |
| 240 | 1 | 0 | |a Dust |
| 264 | 1 | |a Praha : |b Albatros Media Slovakia s.r.o., |c 2025 | |
| 300 | |a 1 online zdroj (416 stran) | ||
| 336 | |a text |b txt |2 rdacontent | ||
| 337 | |a bez média |b n |2 rdamedia | ||
| 338 | |a online zdroj |b cr |2 rdacarrier | ||
| 520 | 2 | |a Juliette, nová starostka Sila 18, nedôveruje Silu 1, najmä jeho vodcovi Donaldovi. Vo svete podzemných Síl však neexistuje čierna a biela – všetko je v odtieňoch sivej. Donald možno nie je monštrum, za aké ho Juliette považuje, a v skutočnosti môže byť kľúčom k ďalšiemu prežitiu ľudstva. Dokážu však spolupracovať dosť dlho na to, aby uspeli? | |
| 787 | 0 | 8 | |g 3 |i Z cyklu: |t Silo (SK) |
| 910 | |a RBIT002 | ||
| 998 | |d 426934 |a https://core.palmknihy.cz/api/books/426934/cover?tesght |b https://core.palmknihy.cz/api/books/426934/cover/400?tesght |c https://core.palmknihy.cz/api/books/426934/cover/50?tesght |e 2029-07-25 |g 416 |i 9788056646960 |j https://core.palmknihy.cz/api/books/426934/preview.epub |k https://core.palmknihy.cz/api/books/426934/preview.pdf |l |q 49 |r 1 |s https://www.palmknihy.cz/kniha/426934 |t ebook |y 2025 |z 1 |v Silo (SK) |w 3 | ||
| 999 | |d 302678 | ||